Nghề cổ nước Việt (khảo cứu) /
Wedi'i Gadw mewn:
| Prif Awdur: | |
|---|---|
| Fformat: | Sách giấy |
| Iaith: | Vietnamese |
| Cyhoeddwyd: |
H. :
Văn hoá Dân tộc,
2002
|
| Pynciau: | |
| Tagiau: |
Ychwanegu Tag
Dim Tagiau, Byddwch y cyntaf i dagio'r cofnod hwn!
|
| Thư viện lưu trữ: | Thư viện Trường Đại học Đà Lạt |
|---|
| LEADER | 00735nam a2200289 4500 | ||
|---|---|---|---|
| 001 | DLU030021018 | ||
| 003 | ##DLU | ||
| 005 | ##20021230 | ||
| 008 | ##021230t vn z000 vie d | ||
| 040 | # | # | |a DLU |b vie |
| 041 | # | # | |a vie |
| 044 | # | # | |a vn |
| 082 | # | # | |a 306.440 959 7 |b VU-T |
| 100 | # | # | |a Vũ Từ Trang |
| 245 | # | # | |a Nghề cổ nước Việt |b (khảo cứu) / |c Vũ Từ Trang |
| 260 | # | # | |a H. : |b Văn hoá Dân tộc, |c 2002 |
| 300 | # | # | |a 254 tr. ; |c 21 cm |
| 650 | # | # | |a Nghề thủ công |z Việt Nam |x Lịch sử. |
| 992 | # | # | |a 25000 |
| 994 | # | # | |a DLU |
| 900 | # | # | |a True |
| 911 | # | # | |a Thái Thị Thanh Thủy |
| 925 | # | # | |a G |
| 926 | # | # | |a A |
| 927 | # | # | |a SH |
| 980 | # | # | |a Thư viện Trường Đại học Đà Lạt |